00538cam a22002051 4500001001300000003000400013005001700017008004100034010001700075035002000092040003200112042001200144050002400156082001100180100003100191245003500222260004100257300001900298999001500317af 48002015 DLC20260227110853.0890510s1946 gw 000 0 ger c aaf 48002015  a(OCoLC)19689122 aYale Univ. LibrarycCUdDLC apremarc00aPT2625.A45bW3 1946 a833.911 aManns, Alfred,d1877-1934.14aDer Warphof und das Sumpfmoor. aGütersloh,bC. Bertelsmannc[1946] a246 p.c19 cm. c4832d4832